Solid-liquid filtration : a user's guide to minimizing cost & environmental impact, maximizing quality & productivity /

Exploring the success factors that combine to deliver this performance. Finding ways to get more from your processes, with examples, case studies and scenarios. Solid-Liquid Filtration is a crucial step in the production of virtually everything in our daily lives, from metals, plastics and pigments...

Full description

Bibliographic Details
Main Author: Sparks, T. (Trevor)
Corporate Author: Knovel (Firm)
Format: eBook
Language:English
Published: [Oxford] : Butterworth-Heinemann, [2012]
Subjects:
Online Access:Connect to the full text of this electronic book via Science direct

MARC

Tag First Indicator Second Indicator Subfields
LEADER 00000cam a2200000Ka 4500
001 in00002782045
005 20190331170601.0
006 m o d
007 cr cn|
008 111205s2012 enk ob 001 0 eng d
020 |a 9780080971155 (electronic bk.) 
020 |a 0080971156 (electronic bk.) 
020 |z 9780080971148 (print) 
020 |z 0080971148 (print) 
024 8 |a 9786613347749 
029 1 |a DEBBG  |b BV039829325 
029 1 |a AU@  |b 000048718294 
029 1 |a NZ1  |b 14691014 
029 1 |a NZ1  |b 15121240 
029 1 |a NZ1  |b 15177329 
035 |a (OCoLC)ocn767518883 
035 |a (OCoLC)767518883 
040 |a OPELS  |b eng  |c OPELS  |d CDX  |d COO  |d NTE  |d TEF  |d N$T  |d KNOVL  |d BUF  |d OCLCQ  |d ZCU  |d OCLCQ  |d KNOVL  |d OCLCF  |d KNOVL  |d UtOrBLW 
049 |a TXAM 
050 4 |a TP156.F5  |b S63 2012eb 
072 7 |a SCI  |x 013060  |2 bisacsh 
072 7 |a TEC  |x 009010  |2 bisacsh 
082 0 4 |a 660/.284245  |2 23 
100 1 |a Sparks, T.  |q (Trevor) 
245 1 0 |a Solid-liquid filtration :  |b a user's guide to minimizing cost & environmental impact, maximizing quality & productivity /  |c Trevor Sparks. 
264 1 |a [Oxford] :  |b Butterworth-Heinemann,  |c [2012] 
264 4 |c ©2012 
300 |a 1 online resource (xvi, 208 pages) 
336 |a text  |b txt  |2 rdacontent 
337 |a computer  |b c  |2 rdamedia 
338 |a online resource  |b cr  |2 rdacarrier 
520 |a Exploring the success factors that combine to deliver this performance. Finding ways to get more from your processes, with examples, case studies and scenarios. Solid-Liquid Filtration is a crucial step in the production of virtually everything in our daily lives, from metals, plastics and pigments through to foods (and crockery) and medicines. Using a practical and applied approach, Trevor Sparks has created a guide that chemical and process engineers can use to help them: Understand how filtration processes affect production processes, production costs, product quality, environmental impact and productivity Optimise process development and project execution, with real examples and supporting software forms and tools. Develop reporting tools to monitor processes, and find ways to get more from processes This book's focus is helping process engineers understand their filtration processes better. Its accessible approach and style make it a valuable resource for anyone working in this sector, regardless of prior knowledge or experience. About the author Trevor Sparks PhD., founder of Filter-Ability Ltd, Ireland, is a consultant within the filtration industry, working for end-users and technology-providers. He has worked in the process industries for 20 years and has focussed on filtration for the last 15 of these. He has previously worked for BHR Group Limited, Larox Oyj (now a part of Outotec), Finland, and as a Marie-Curie Research Fellow at UC RUSAL in Ireland. He is a Member of the Council of the Filtration Society. Several examples and scenarios are provided throughout the book in order to help engineers understand the importance of filtration and the effect that it has on the bottom-line. Covers methods for optimizing processes, include process variable, plus laboratory testing, modeling and process troubleshooting Accompanied by optimization software that enables readers to model and plan optimal filtration processes and set ups for their particular circumstance. 
505 0 |a Part I: Background. 2. History of Filtration ; 3. Physical phenonmena -- Part II: Competitive Advantage. 4. Competitiveness in processing ; 5. The outcomes of filtration process -- Part 3: Filtration Process Success Factors. 6. Slurry Filterability ; 7. Filter Design ; 8. Filter Installation ; 9. Filter Cloth ; 10. Filter Maintenance ; 11. Filter Operation -- Part 4: Creating and Sustaining a competitive advantage. 12. Process Testing ; 13. Getting the most from your ltration processes ; Appendices ; Key equations ; Software tools. 
504 |a Includes bibliographical references and index. 
500 |a Electronic resource. 
650 0 |a Filters and filtration. 
650 7 |a SCIENCE / Chemistry / Industrial & Technical.  |2 bisacsh 
650 7 |a TECHNOLOGY & ENGINEERING / Chemical & Biochemical.  |2 bisacsh 
650 7 |a Filters and filtration.  |2 fast  |0 (OCoLC)fst00924328 
655 7 |a Electronic books.  |2 local 
776 0 8 |i Print version:  |a Sparks, Trevor.  |t Solid-liquid filtration.  |d [Oxford] : Butterworth-Heinemann, c2012  |z 9780080971148  |w (DLC) 2012359990  |w (OCoLC)731925442 
710 2 |a Knovel (Firm) 
856 4 0 |u http://proxy.library.tamu.edu/login?url=http://www.sciencedirect.com/science/book/9780080971148  |z Connect to the full text of this electronic book via Science direct  |t 0 
948 |a cataloged  |b h  |c 2012/7/23  |d c  |e jlanham  |f 2:57:47 pm 
994 |a 92  |b TXA 
999 |a MARS 
999 f f |s a7037e44-5bfa-3e4b-9f84-32ba876d9f10  |i 2527ddc8-50b6-3eb5-a7fd-cfd74b163cfc  |t 0 
952 f f |a Texas A&M University  |b College Station  |c Electronic Resources  |d Available Online  |t 0  |e TP156.F5 S63 2012eb  |h Library of Congress classification 
998 f f |a TP156.F5 S63 2012eb  |t 0  |l Available Online